| 000 | 00622nam a2200217Ia 4500 | ||
|---|---|---|---|
| 008 | 170203s9999 xx 000 0 und d | ||
| 020 | _a0-721411967 | ||
| 050 | _aFic | ||
| 050 | _bD812 | ||
| 100 | _aMilne, A.A. | ||
| 245 | _aWalt Disney's Winnie the Pooh and the honey tree / | ||
| 245 | _cA.A. Milne. | ||
| 250 | _a1st ed. | ||
| 260 | _aLoughborough, Leicestershire | ||
| 260 | _bLadybird books Ltd. | ||
| 260 | _c1989 | ||
| 650 | _aWinnie-the-Pooh -- (Fictitious character) | ||
| 650 | _aWinnie-the-Pooh -- (Fictitious character) -- | ||
| 650 | _xJuvenile fiction. | ||
| 700 | _aDisney, Walt, 1901-1966 | ||
| 999 |
_c306640 _d306640 |
||